000 00528nam a2200193Ia 4500
005 20250923145934.0
008 008 250917s9999 xx 000 0 eng d
037 _aTextual
040 _aDSWL
_beng
_cDSWL
041 _aeng
_2eng
084 _aY15-5x, N93
_qDSWL
245 0 _aSex and Gender hierarchies
_cEd. by B.D. Miller
260 _aCambridge
_b University Press
_c1993
300 _axix,401p.
365 _aGBP
_b15.95
925 _g15.95
942 _cTEXL
_hY15-5x, N93
999 _c1457600
_d1457600